Phaoxtơ Hai tập T.1

Sparad:
Bibliografiska uppgifter
Huvudupphovsman: Gơt, I.V.
Övriga upphovsmän: Thế Lữ (Dịch), Đỗ Ngoạn (Dịch)
Materialtyp: Bok
Språk:Vietnamese
Publicerad: H. Văn học 1977
Upplaga:In lần 1
Ämnen:
Taggar: Lägg till en tagg
Inga taggar, Lägg till första taggen!
Thư viện lưu trữ: Mạng thư viện Đại học Đà Nẵng
LEADER 01269nam a22003978a 4500
001 000004725
003 866
005 20120412140454.0
008 110803s1977 b 000 0 od
020 |c 15000  |d 20.200b 
041 0 |a dịch đức 
041 0 |a vie 
082 |a 831  |b GO-I 
100 1 |a Gơt, I.V. 
245 1 0 |a Phaoxtơ  |b Hai tập  |c I.V. Gơt ; Dịch: Thế Lữ, Đỗ Ngoạn  |n T.1 
250 |a In lần 1 
260 |a H.  |b Văn học  |c 1977 
300 |a 279tr : 1 chân dung  |c 19cm 
500 |a Dịch theo nguyên bản tiếng Đức FAUST của nhà xuất bản Christian Wegner. 1960 
505 |a T.1 
653 |a Văn học cận đại 
653 |a Goethe J.W 
653 |a Đức 
653 |a Kịch 
700 1 |a Thế Lữ  |e Dịch 
700 1 |a Đỗ Ngoạn  |e Dịch 
OWN |a LSP 
AVA |a UDN50  |b LSP  |d 831 GO-I  |e unavailable  |t Error 5002 Not defined in file expand_doc_bib_avail.  |f 1  |g 1  |h N  |i 0  |k 1 
999 |a From the UDN01 
AVA |a UDN50  |b LSP  |d 831 GO-I  |e unavailable  |t Error 5002 Not defined in file expand_doc_bib_avail.  |f 1  |g 1  |h N  |i 0  |k 1 
TYP |a Monograph 
TYP |a Printed language 
980 |a Mạng thư viện Đại học Đà Nẵng